Perspectives of the European external action service in the framework of the Lisbon treaty diplomová práca

Salvato in:
Dettagli Bibliografici
Autore principale: Srnáková, Dominika
Ente Autore: Ekonomická univerzita v Bratislave. Ústav medzinárodných programov
Altri autori: Báráňová-Čiderová, Denisa, 1977-
Natura: Libro
Lingua:inglese
Pubblicazione: Bratislava 2011
Tags: Aggiungi Tag
Nessun Tag, puoi essere il primo ad aggiungerne!!

MARC

LEADER 00000nam a2200000 4500
001 0149851
005 20240318114552.1
041 0 |a eng 
044 |a SK 
245 1 0 |a Perspectives of the European external action service in the framework of the Lisbon treaty  |b diplomová práca  |c Dominika Srnáková ; školiteľ: Denisa Báráňová-Čiderová 
264 1 |a Bratislava  |c 2011 
300 |a 73 s. 
100 1 |a Srnáková, Dominika 
700 1 |a Báráňová-Čiderová, Denisa, 1977- 
710 2 |a Ekonomická univerzita v Bratislave. Ústav medzinárodných programov